书目信息 |
| 题名: |
商业保险
|
|
| 作者: | 威布 , Webb , 福里特纳 , Flitner , 特鲁品 , Trupin 著 ;于小东 , 英勇 总译校 | |
| 分册: | ||
| 出版信息: | 北京 北京大学出版社 2003 |
|
| 页数: | 315页 | |
| 开本: | 23cm | |
| 丛书名: | ||
| 单 册: | ||
| 中图分类: | F840.6 | |
| 科图分类: | ||
| 主题词: | 商业--保险--教材 , 商业 , 保险 | |
| 电子资源: | ||
| ISBN: | 7-301-06358-X | |
| 000 | 01387nam0 2200373 450 | |
| 001 | 012007758819 | |
| 005 | 20070522165427.68 | |
| 010 | @a7-301-06358-X@dCNY35.00 | |
| 100 | @a20070515d2003 km y0chiy0120 ea | |
| 101 | 1 | @achi@ceng |
| 102 | @aCN@b110000 | |
| 105 | @ay z 000yy | |
| 106 | @ar | |
| 200 | 1 | @a商业保险@Ashang ye bao xian@f(美)贝纳德·L.威布,亚瑟·L.福里特纳,杰罗姆·特鲁品[著]@F(mei)bei na de·L.wei bu,ya se·L.fu li te na,jie luo mu·te lu pin[zhu]@g于小东,英勇总译校@Gyu xiao dong,ying yong zong yi xiao |
| 210 | @a北京@c北京大学出版社@d2003 | |
| 215 | @a315页@d23cm | |
| 300 | @a普通保险系列教材 | |
| 305 | @a据原书第3版译出 | |
| 330 | @a该书共分13章。探讨了各种商业保险保障,包括商业财产保险、营业收入保险、商业犯罪保险、锅炉和机器保险、内陆和海洋运输保险等诸多内容。 | |
| 510 | 1 | @aCommercial insurance@zeng |
| 606 | 0 | @a商业@x保险@j教材 |
| 606 | 0 | @a商业 |
| 606 | 0 | @a保险 |
| 690 | @aF840.6@v4 | |
| 701 | 1 | @c(美)@a威布@Awei bu@b贝纳德·L.@4著 |
| 701 | 1 | @c(美)@aWebb@bBernard L.@4著 |
| 701 | 1 | @c(美)@a福里特纳@Afu li te na@b亚瑟·L.@4著 |
| 701 | 1 | @c(美)@aFlitner@bArthur L.@4著 |
| 701 | 1 | @c(美)@a特鲁品@Ate lu pin@b杰罗姆@4著 |
| 701 | 1 | @c(美)@aTrupin@bJerome@4著 |
| 702 | 0 | @a于小东@Ayu xiao dong@c(保险)@4总译校 |
| 702 | 0 | @a英勇@Aying yong@c(保险)@4总译校 |
| 801 | 0 | @aCN@bRULIN@c20070522 |
| 905 | @dF840.6@e26@s8 | |
| 商业保险/(美)贝纳德·L.威布,亚瑟·L.福里特纳,杰罗姆·特鲁品[著]/于小东,英勇总译校.-北京:北京大学出版社,2003 |
| 315页;23cm |
| 普通保险系列教材 |
| ISBN 7-301-06358-X:CNY35.00 |
| 该书共分13章。探讨了各种商业保险保障,包括商业财产保险、营业收入保险、商业犯罪保险、锅炉和机器保险、内陆和海洋运输保险等诸多内容。 |
| ● |
| 相关链接 |
|
|
|
|
正题名:商业保险
索取号:F840.6/26
 
预约/预借
| 序号 | 登录号 | 条形码 | 馆藏地/架位号 | 状态 | 备注 |
| 1 | 0579557 | 205795576 | 第一样本阅览室/ [索取号:F840.6/26] | 在馆 | |
| 2 | 0579558 | 205795585 | 密集书库/ [索取号:F840.6/26] | 在馆 | |
| 3 | 0579559 | 205795594 | 密集书库/ [索取号:F840.6/26] | 在馆 | |
| 4 | 0579560 | 205795601 | 密集书库/ [索取号:F840.6/26] | 在馆 | |
| 5 | 0579561 | 205795610 | 第一借阅区/ [索取号:F840.6/26] | 在馆 | |
| 6 | 0579562 | 205795629 | 第一借阅区/ [索取号:F840.6/26] | 在馆 | |
| 7 | 0579563 | 205795638 | 第一借阅区/ [索取号:F840.6/26] | 在馆 | |
| 8 | 0579564 | 205795647 | 第一借阅区/ [索取号:F840.6/26] | 在馆 |